Name the country the land mark is located in. - Statistics

General Stats
  • This quiz has been taken 34 times
    29 since last reset
  • The average score is 7 of 15
Answer Stats
Hint Answer % Correct
Eifel Tower France
100%
Mount Everest Nepal / China
89%
Christ The Redeemer Brazil
85%
Brandenburg Gate Germany
81%
Taipei 101 Taiwan
81%
The Sistine Chapel Vatican City
63%
Uluru's rock Australia
59%
Lake Baikal Russia
44%
Hagia Sofia Turkey
33%
Guggenheim Museum Spain
26%
Aconcagua Argentina
22%
Marina Bay Sands Singapore
11%
Borobudur Indonesia
0%
Great Mosque of Djinguereber Mali
0%
Twisted Torso Sweden
0%
No matching quizzes found
Score Distribution
Percent of People with Each Score
Percentile by Number Answered
Your Score History
You have not taken this quiz since the last reset